000 00817nam a2200253Ia 4500
003 IN-BaIIA
008 211028s9999 xx 000 0 eng d
040 _cIIA Library
080 _a083.8:52
_bJAM
100 _aJamar, C.
_911243
245 0 _aUltraviolet bright-star spectrophotometric catalogue
_cC. Jamar…[et al.]
260 _aFrance
_bEuropean Space Agency
_c1976
300 _axxi, 489p.
650 _aAstronomy and Astrophysics Thesaurus
650 _aCatalogue-Bright stars
_94473
650 _aSpectrophotometry
650 _aUltraviolet bright stars
_913570
700 _aHouziaux, L.
_912750
700 _aMacau-Hercot, D.
_911669
700 _aMonfils, A.
_911670
700 _aThompson, G I
_911240
700 _aWilson, R.
_913571
942 _cBK
999 _c8044
_d8044